[Event "IV Campionato UE"]
[Site "Liverpool ING"]
[Date "2008.09.12"]
[Round "4"]
[White "Fridman, D2."]
[Black "Conquest, S."]
[Result "1/2-1/2"]
[WhiteElo "2637"]
[BlackElo "2536"]
[PlyCount "89"]
[EventDate "2008.09.09"]
[Source "www.chesslib.no"]
[SourceDate "2004.05.04"]

1. d4 Nf6 2. c4 c5 3. d5 g6 4. Nc3 d6 5. e4 Bg7 6. f4 O-O 7. Nf3 e6 8. dxe6 fxe6 9. Be2 Nc6 10. O-O b6 11. Ng5 Nd4 12. Bd3 Qe7 13. Qe1 Bd7 14. Bd2 Rad8 15. Kh1 Nh5 16. Qd1 Bf6 17. Nh3 Bh8 18. Kg1 Qe8 19. g4 Ng7 20. Qe1 Nc6 21. Qh4 Qe7 22. Ng5 Ne8 23. Qg3 Bc8 24. h4 Qg7 25. Rad1 Nf6 26. f5 exf5 27. exf5 Ne5 28. fxg6 hxg6 29. Bf4 Nexg4 30. Bxd6 Nh5 31. Rxf8+ Qxf8 32. Bxf8 Nxg3 33. Be7 Re8 34. Bxg6 Rxe7 35. Rd8+ Kg7 36. Rxc8 Kxg6 37. Rxh8 Ne2+ 38. Kg2 Nxc3 39. bxc3 Re3 40. Rg8+ Kf5 41. Rf8+ Kg6 42. Rg8+ Kf5 43. Nh3 Re2+ 44. Kf3 Re3+ 45. Kg2 1/2-1/2

[Event "New York op"]
[Site "New York"]
[Date "1987.??.??"]
[Round "?"]
[White "Murey, Jacob"]
[Black "Gheorghiu, Florin"]
[Result "1-0"]
[WhiteElo "2505"]
[BlackElo "2540"]
[PlyCount "157"]
[EventDate "1987.04.??"]
[Source "ChessBase"]

1. d4 Nf6 2. c4 c5 3. d5 d6 4. Nc3 g6 5. e4 Bg7 6. f4 O-O 7. Nf3 e6 8. dxe6 fxe6 9. Be2 Nh5 10. g3 Nf6 11. e5 dxe5 12. Qxd8 Rxd8 13. fxe5 Ng4 14. Bg5 Rd7 15. Ne4 Nxe5 16. Nxe5 Bxe5 17. O-O Kg7 18. Bg4 Nc6 19. Rae1 h6 20. Be3 b6 21. Bxe6 Re7 22. Bd5 Bb7 23. Nxc5 bxc5 24. Bxc5 Rae8 25. Bxe7 Rxe7 26. b4 Nxb4 27. Rxe5 Nxd5 28. Ree1 Ne3 29. Rf2 Nf5 30. Rxe7+ Nxe7 31. Rd2 Bc6 32. Rd6 h5 33. Kf2 Kf7 34. h3 a5 35. g4 h4 36. Ke3 Bg2 37. Kf4 Bxh3 38. Kg5 Bg2 39. Kxh4 Bf1 40. c5 Bc4 41. a3 Bb5 42. Kg5 a4 43. Kf4 Nc8 44. Rd8 Ne7 45. g5 Nc6 46. Rd7+ Ne7 47. Rd6 Ke8 48. Ke5 Kf7 49. Rb6 Bc6 50. Ra6 Bb5 51. Ra7 Ke8 52. Ke6 Bc4+ 53. Kf6 Nd5+ 54. Kxg6 Bb3 55. Kh6 Ne3 56. g6 Nf5+ 57. Kg5 Ne7 58. g7 Ng8 59. c6 Kd8 60. Rd7+ Kc8 61. Kf5 Nh6+ 62. Ke5 Nf7+ 63. Kd4 Nh6 64. Kc5 Ng8 65. Kd6 Nh6 66. Rc7+ Kd8 67. Ra7 Nf5+ 68. Kc5 Ne7 69. Rd7+ Ke8 70. Kb6 Be6 71. Kc7 Bb3 72. Kb7 Be6 73. Kc7 Bb3 74. Rd8+ Kf7 75. Kd6 Nf5+ 76. Ke5 Ne7 77. g8=Q+ Nxg8 78. Rxg8 Kxg8 79. c7 1-0

[Event "Kavala Open"]
[Site "Kavala GRE"]
[Date "1991.??.??"]
[Round "?"]
[White "Andrianov, Nikolai"]
[Black "Nunn, John D M"]
[Result "1/2-1/2"]
[WhiteElo "2445"]
[BlackElo "2600"]
[PlyCount "64"]
[EventDate "1991.??.??"]
[Source "www.chesslib.no"]
[SourceDate "2004.05.04"]

1. d4 Nf6 2. c4 g6 3. Nc3 Bg7 4. e4 d6 5. f4 c5 6. d5 O-O 7. Nf3 e6 8. Be2 exd5 9. exd5 Na6 10. O-O Ne8 11. Bd3 f5 12. Be3 Nac7 13. Bf2 Bf6 14. Qe1 Bd7 15. Bh4 Bxh4 16. Qxh4 Qxh4 17. Nxh4 Nf6 18. Rfe1 Rfe8 19. Nf3 Kf8 20. Rxe8+ Rxe8 21. Re1 Rxe1+ 22. Nxe1 b5 23. b3 b4 24. Nb1 Ke7 25. Nc2 a5 26. a4 h6 27. Ne3 Nce8 28. Nd2 Ng7 29. g3 Nfh5 30. Nf3 Kf6 31. Kf2 g5 32. Ng2 g4 1/2-1/2

[Event "Nova Gorica op"]
[Site "?"]
[Date "2003.02.01"]
[Round "2"]
[White "Atalik Suat"]
[Black "Tratar Marko"]
[Result "1-0"]
[WhiteElo "2581"]
[BlackElo "2451"]
[PlyCount "49"]
[EventDate "2003.??.??"]
[Source "www.chesslib.no"]
[SourceDate "2004.05.04"]

1. d4 Nf6 2. c4 g6 3. Nc3 Bg7 4. e4 d6 5. f4 O-O 6. Be2 Na6 7. e5 Nd7 8. Nf3 c5 9. exd6 exd6 10. O-O cxd4 11. Nxd4 Qb6 12. Be3 Qxb2 13. Ncb5 Qb4 14. Rb1 Qa5 15. Nxd6 Ndc5 16. N4b5 Qxa2 17. Bf3 Bf5 18. Nxf5 gxf5 19. Bd5 Rad8 20. Nxa7 Ne4 21. Rxb7 Nac5 22. Re7 Bf6 23. Nc6 Bxe7 24. Nxe7+ Kh8 25. Bxc5 1-0

[Event "DSV-Turnier"]
[Site "Halle"]
[Date "1974.??.??"]
[Round "?"]
[White "Moehring, Guenther"]
[Black "Uhlmann, Wolfgang"]
[Result "1-0"]
[WhiteElo "2450"]
[BlackElo "2550"]
[PlyCount "125"]
[EventDate "1974.??.??"]
[Source "ChessBase"]

1. d4 Nf6 2. c4 g6 3. Nc3 Bg7 4. e4 d6 5. f4 O-O 6. Nf3 c5 7. d5 e6 8. Be2 exd5 9. exd5 Re8 10. O-O Ng4 11. h3 Nh6 12. g4 f5 13. g5 Bxc3 14. bxc3 Nf7 15. Rb1 Nd7 16. Bd3 Nb6 17. Rb2 Bd7 18. Rg2 Re7 19. h4 Qf8 20. h5 Rae8 21. Qc2 Nh8 22. Kf2 Re4 23. Kg3 gxh5 24. Bxe4 fxe4 25. Nh4 Bf5 26. Rh2 Nxc4 27. Qe2 b5 28. Qxh5 Re7 29. Nxf5 Qxf5 30. Qg4 Qxg4+ 31. Kxg4 Ng6 32. Re2 e3 33. Rf3 Rf7 34. Rf1 Ne7 35. Bxe3 Nxd5 36. Bc1 Nxc3 37. Re8+ Rf8 38. Re7 Ne5+ 39. Kg3 Nc6 40. Rc7 Nd4 41. Rh1 Nce2+ 42. Kg4 Nxc1 43. Rcxh7 Nd3 44. Rh8+ Kf7 45. R1h7+ Kg6 46. Rh6+ Kg7 47. R8h7+ Kg8 48. Rh8+ Kg7 49. R6h7+ Kg6 50. Rxf8 Kxh7 51. f5 Ne5+ 52. Kf4 c4 53. Rc8 c3 54. Rc7+ Kg8 55. Ke4 c2 56. g6 Nd7 57. f6 Ne6 58. Rc8+ Nef8 59. Kf5 Nb6 60. Rxc2 Nfd7 61. Rh2 Nxf6 62. Kxf6 a5 63. Rh8+ 1-0

[Event "LXI Lega superiore camp. russo"]
[Site "Novokuznetsk RUS"]
[Date "2008.09.05"]
[Round "3"]
[White "Kravtsov, S."]
[Black "Shomoev, A."]
[Result "0-1"]
[WhiteElo "2404"]
[BlackElo "2566"]
[PlyCount "110"]
[EventDate "2008.09.03"]
[Source "www.chesslib.no"]
[SourceDate "2004.05.04"]

1. d4 Nf6 2. c4 g6 3. Nc3 Bg7 4. e4 d6 5. f4 c5 6. d5 O-O 7. Nf3 e6 8. Be2 exd5 9. exd5 Bf5 10. O-O Ne4 11. Nxe4 Bxe4 12. Ng5 Re8 13. f5 Bxf5 14. g4 Bd4+ 15. Kh1 Qe7 16. gxf5 Qxe2 17. Qxe2 Rxe2 18. fxg6 fxg6 19. Bf4 Nd7 20. Bxd6 Ne5 21. Bxe5 Bxe5 22. Rae1 Rxe1 23. Rxe1 Bxb2 24. Rb1 Bf6 25. Ne4 Bd4 26. Rxb7 Re8 27. Ng3 h5 28. d6 h4 29. d7 Re1+ 30. Kg2 Bf6 31. Nf1 h3+ 32. Kf2 Bh4+ 33. Ng3 Rd1 34. Kf3 Rd3+ 35. Ke2 Rd4 36. Nf1 Kf8 37. Rxa7 Ke7 38. Ra3 Rxc4 39. Rxh3 Kxd7 40. Rd3+ Kc6 41. Rd2 Bg5 42. Rb2 Ra4 43. Rc2 Ra3 44. Kd1 Rd3+ 45. Ke2 Rh3 46. Kd1 Bf4 47. Rg2 g5 48. Ng3 Kd5 49. a4 Kc4 50. Ne4 Rd3+ 51. Kc2 Ra3 52. Kb2 Kb4 53. Rg4 c4 54. Nxg5 c3+ 55. Kb1 Kb3 0-1

[Event "Bolzano op"]
[Site "Bolzano"]
[Date "2000.07.19"]
[Round "6"]
[White "Banikas, Hristos"]
[Black "Mrdja, Milan"]
[Result "1-0"]
[WhiteElo "2535"]
[BlackElo "2425"]
[PlyCount "69"]
[EventDate "2000.07.15"]
[Source "ChessBase"]
[SourceDate "2000.09.14"]

1. d4 Nf6 2. c4 c5 3. d5 g6 4. Nc3 d6 5. e4 Bg7 6. f4 O-O 7. Nf3 e6 8. Be2 Re8 9. O-O exd5 10. e5 Ne4 11. cxd5 Nxc3 12. bxc3 Nd7 13. Ng5 dxe5 14. d6 Rf8 15. Rb1 Nb6 16. fxe5 Bxe5 17. Rxb6 axb6 18. Nxf7 Rxf7 19. Qd5 Bf5 20. Qxe5 Qd7 21. Bc4 Re8 22. Bxf7+ Qxf7 23. Qg3 Re2 24. Bh6 Qd5 25. d7 Kf7 26. Qg4 Re1 27. d8=N+ Qxd8 28. Qc4+ Re6 29. g4 Qh4 30. Qf4 Re1 31. gxf5 Rxf1+ 32. Kxf1 Qh3+ 33. Kf2 gxf5 34. Qc7+ Kg6 35. Qg7+ 1-0

[Event "Rubinstein mem"]
[Site "Polanica Zdroj"]
[Date "1971.??.??"]
[Round "6"]
[White "Zaitsev, Alexander N"]
[Black "Doda, Zbigniew"]
[Result "1/2-1/2"]
[WhiteElo "2530"]
[BlackElo "2430"]
[PlyCount "46"]
[EventDate "1971.08.??"]
[Source "ChessBase"]

1. d4 Nf6 2. c4 c5 3. d5 d6 4. Nc3 g6 5. e4 Bg7 6. f4 O-O 7. Be2 b5 8. cxb5 a6 9. bxa6 Qa5 10. Bd2 Bxa6 11. Nf3 Qb6 12. O-O Nbd7 13. Bxa6 Qxa6 14. Qc2 c4 15. Rae1 Nb6 16. h3 Rfb8 17. a3 Nfd7 18. e5 Na4 19. Bc1 Qb6+ 20. Rf2 Nxc3 21. Qxc3 Qc5 22. Rd1 Rb3 23. Qc2 dxe5 1/2-1/2

[Event "Polanica Zdroj POL"]
[Site "Polanica Zdroj POL"]
[Date "1971.??.??"]
[Round "6"]
[White "Zaitsev, Alexander N"]
[Black "Doda, Zbigniew"]
[Result "1/2-1/2"]
[WhiteElo "2520"]
[BlackElo "2430"]
[PlyCount "38"]
[EventDate "1971.??.??"]
[Source "www.chesslib.no"]
[SourceDate "2004.05.04"]

1. d4 Nf6 2. c4 c5 3. d5 d6 4. Nc3 g6 5. e4 Bg7 6. f4 O-O 7. Be2 b5 8. cxb5 a6 9. bxa6 Qa5 10. Bd2 Bxa6 11. Nf3 Qb6 12. O-O Nbd7 13. Bxa6 Qxa6 14. Qc2 c4 15. Rae1 Nb6 16. h3 Na4 17. Bc1 Qb6+ 18. Rf2 Nxc3 19. Qxc3 Qc5 1/2-1/2

[Event "Sao Paulo"]
[Site "Sao Paulo"]
[Date "1978.??.??"]
[Round "4"]
[White "Segal, Alexandru Sorin"]
[Black "Dorfman, Josif D"]
[Result "0-1"]
[WhiteElo "2395"]
[BlackElo "2550"]
[PlyCount "100"]
[EventDate "1978.05.??"]
[Source "ChessBase"]

1. d4 Nf6 2. c4 g6 3. Nc3 Bg7 4. e4 d6 5. f4 c5 6. d5 O-O 7. Be2 a6 8. a4 e6 9. Nf3 Re8 10. dxe6 Bxe6 11. O-O Nc6 12. Bd3 Na5 13. Ng5 Bg4 14. Qc2 h6 15. Nf3 Nc6 16. Qf2 Nb4 17. Bb1 Be6 18. Qe2 Bf5 19. Re1 Qa5 20. Ra3 Re7 21. Qd2 Bg4 22. Na2 Rae8 23. h3 Bxf3 24. gxf3 Nh5 25. Rd3 Re6 26. Nxb4 cxb4 27. Bc2 Rf6 28. Rd5 Qb6+ 29. Qf2 Qc7 30. f5 Qxc4 31. b3 Qc3 32. Be3 gxf5 33. Bd4 Rg6+ 34. Kh2 Bxd4 35. Rxd4 Qc5 36. exf5 Rxe1 37. fxg6 Qe5+ 38. f4 Re2 39. gxf7+ Kxf7 40. fxe5+ Rxf2+ 41. Kg1 Rxc2 42. exd6 Rc8 43. Rxb4 Rb8 44. Re4 Ng7 45. Re7+ Kf6 46. Rc7 Nf5 47. d7 Nd6 48. b4 Rd8 49. b5 axb5 50. axb5 Ke6 0-1

[Event "Swidnica op"]
[Site "Swidnica"]
[Date "1999.07.05"]
[Round "8"]
[White "Simantsev, Mikhail"]
[Black "Kempinski, Robert"]
[Result "0-1"]
[WhiteElo "2409"]
[BlackElo "2533"]
[PlyCount "62"]
[EventDate "1999.06.28"]
[Source "www.chesslib.no"]
[SourceDate "2004.05.04"]

1. d4 Nf6 2. c4 g6 3. Nc3 Bg7 4. e4 O-O 5. f4 c5 6. d5 d6 7. Nf3 e6 8. Be2 Re8 9. O-O exd5 10. e5 Ng4 11. cxd5 dxe5 12. h3 e4 13. hxg4 exf3 14. gxf3 h5 15. Kg2 hxg4 16. fxg4 Nd7 17. a4 Nf6 18. Ra3 b6 19. Bf3 Qd7 20. Kg3 Rb8 21. Rh1 a6 22. g5 Nh5+ 23. Kh4 Bd4 24. Bg4 Qd6 25. Bxc8 Rbxc8 26. Qf3 Qd7 27. Qg4 f5 28. gxf6 Qh7 29. Kh3 Nxf4+ 30. Kg3 Qxh1 31. f7+ Kxf7 0-1

[Event "JUG Ch"]
[Site "JUG"]
[Date "1988.??.??"]
[Round "?"]
[White "Mukic, Josko"]
[Black "Cvitan, Ognjen"]
[Result "0-1"]
[WhiteElo "2420"]
[BlackElo "2520"]
[PlyCount "69"]
[EventDate "1988.02.??"]
[Source "www.chesslib.no"]
[SourceDate "2004.05.04"]

1. d4 Nf6 2. c4 g6 3. Nc3 Bg7 4. e4 d6 5. f4 O-O 6. Nf3 c5 7. d5 e6 8. Be2 exd5 9. exd5 Re8 10. O-O Bf5 11. Bd3 Bxd3 12. Qxd3 Nbd7 13. f5 Ng4 14. fxg6 hxg6 15. Bg5 Nde5 16. Qd2 Qd7 17. Nxe5 Nxe5 18. Qf4 f5 19. Qh4 a6 20. a4 Nd3 21. Bf6 Qf7 22. Bxg7 Qxg7 23. Rf3 Ne5 24. Rff1 Re7 25. Qf4 Ree8 26. Rad1 g5 27. Qxf5 Nxc4 28. Qf6 Nxb2 29. Rb1 Nc4 30. Rf5 Qxf6 31. Rxf6 Kg7 32. Rbf1 Nd2 33. R1f5 Re1+ 34. Kf2 Rf1+ 35. Kg3 0-1

[Event "Hastings 8687"]
[Site "Hastings"]
[Date "1986.??.??"]
[Round "?"]
[White "Conquest, Stuart"]
[Black "Mestel, A Jonathan"]
[Result "0-1"]
[WhiteElo "2430"]
[BlackElo "2505"]
[PlyCount "58"]
[EventDate "1986.12.??"]
[Source "ChessBase"]

1. d4 Nf6 2. c4 g6 3. Nc3 Bg7 4. e4 d6 5. f4 O-O 6. Nf3 c5 7. d5 e6 8. Be2 exd5 9. exd5 Bf5 10. O-O Re8 11. Bd3 Qd7 12. h3 Na6 13. a3 Nc7 14. g4 Bxg4 15. hxg4 Qxg4+ 16. Kh2 Qh5+ 17. Kg2 Qg4+ 18. Kh2 b5 19. Rg1 Qh5+ 20. Kg3 bxc4 21. Bxc4 Re7 22. Qd3 Bh6 23. Kg2 Rae8 24. Bd2 Bxf4 25. Bxf4 Qg4+ 26. Bg3 Re3 27. Qf1 Nh5 28. Kh2 Rxf3 29. Qh3 Qxc4 0-1

[Event "Lone Pine op"]
[Site "Lone Pine"]
[Date "1978.??.??"]
[Round "2"]
[White "Lein, Anatoly"]
[Black "Biyiasas, Peter"]
[Result "1/2-1/2"]
[WhiteElo "2525"]
[BlackElo "2405"]
[PlyCount "56"]
[EventDate "1978.04.??"]
[Source "ChessBase"]

1. d4 Nf6 2. c4 g6 3. Nc3 Bg7 4. e4 d6 5. f4 O-O 6. Nf3 c5 7. d5 e6 8. dxe6 fxe6 9. Be2 Nc6 10. O-O e5 11. fxe5 dxe5 12. Bg5 h6 13. Be3 b6 14. Nh4 Kh7 15. Qxd8 Rxd8 16. Nd5 Rf8 17. Rf2 Bd7 18. Raf1 Ng8 19. h3 Rxf2 20. Rxf2 Rf8 21. Rxf8 Bxf8 22. Kf2 Kg7 23. Nf3 Bd6 24. Nh2 Be7 25. Bg4 Bxg4 26. Nxg4 h5 27. Nh2 Nf6 28. Kf3 Nh7 1/2-1/2

[Event "URS Ch sf"]
[Site "Sverdlovsk"]
[Date "1984.??.??"]
[Round "?"]
[White "Lukin, Andrei M"]
[Black "Kochiev, Aleksandr V"]
[Result "0-1"]
[WhiteElo "2470"]
[BlackElo "2450"]
[PlyCount "46"]
[EventDate "1984.??.??"]
[Source "www.chesslib.no"]
[SourceDate "2004.05.04"]

1. c4 Nf6 2. Nc3 g6 3. e4 d6 4. d4 Bg7 5. f4 O-O 6. Nf3 c5 7. d5 b5 8. cxb5 a6 9. bxa6 Qa5 10. Bd2 Bxa6 11. Be2 Qb4 12. Ng5 Qxb2 13. Rb1 Qa3 14. O-O Nbd7 15. f5 Rfb8 16. fxg6 hxg6 17. Rxb8+ Rxb8 18. Bxa6 Qxa6 19. h3 Qc4 20. Qc2 Ne5 21. Rc1 Qd4+ 22. Kh2 Nh5 23. Rf1 Nc4 0-1

[Event "Lone Pine op"]
[Site "Lone Pine"]
[Date "1978.??.??"]
[Round "9"]
[White "Tarjan, James Edward"]
[Black "Taulbut, Shaun M"]
[Result "0-1"]
[WhiteElo "2510"]
[BlackElo "2405"]
[PlyCount "74"]
[EventDate "1978.04.??"]
[Source "ChessBase"]

1. d4 g6 2. e4 d6 3. c4 Bg7 4. Nc3 Nf6 5. f4 O-O 6. Nf3 c5 7. d5 e6 8. dxe6 fxe6 9. Be2 Nc6 10. O-O a6 11. Be3 Ng4 12. Bd2 Nd4 13. g3 b5 14. Nxd4 Bxd4+ 15. Kg2 Nf6 16. cxb5 axb5 17. Nxb5 Bxb2 18. Rb1 Bd4 19. Nxd4 cxd4 20. Qc2 d5 21. e5 Ne4 22. Bb4 Re8 23. a3 Ba6 24. Bxa6 Rxa6 25. Rfc1 Qd7 26. Qd3 Rc6 27. Bd2 Rec8 28. Rxc6 Qxc6 29. Rc1 Qb7 30. Rxc8+ Qxc8 31. Bb4 h5 32. a4 g5 33. fxg5 Qc1 34. Qb5 Qc2+ 35. Kh1 Nf2+ 36. Kg1 Nh3+ 37. Kh1 Qe4# 0-1

[Event "Corr"]
[Site "?"]
[Date "2001.11.01"]
[Round "?"]
[White "Flores Gutierrez Carlos (ESP)"]
[Black "Kazoks Aivars (LAT)"]
[Result "1-0"]
[WhiteElo "2425"]
[BlackElo "2484"]
[PlyCount "113"]
[EventDate "2001.??.??"]
[Source "www.chesslib.no"]
[SourceDate "2004.05.04"]

1. d4 Nf6 2. c4 g6 3. Nc3 Bg7 4. e4 d6 5. f4 O-O 6. Nf3 c5 7. d5 e6 8. dxe6 fxe6 9. Be2 Nc6 10. O-O b6 11. Qd3 Qe7 12. Rd1 Rd8 13. Bd2 Bb7 14. Be1 Rd7 15. Bh4 Rf8 16. a3 Qf7 17. Nb5 Nh5 18. g3 a6 19. Nxd6 Bd4+ 20. Qxd4 Nxd4 21. Nxf7 Nxe2+ 22. Kf2 Rdxf7 23. Kxe2 Nxf4+ 24. gxf4 Rxf4 25. Rd8 Rxe4+ 26. Kd2 Ref4 27. Rxf8+ Kxf8 28. Bd8 Rxf3 29. Bxb6 Rf2+ 30. Kd3 Rxh2 31. Bxc5+ Kg7 32. Bd4+ Kf7 33. b4 Rh3+ 34. Be3 Kf6 35. a4 Ke5 36. b5 Be4+ 37. Kd2 h5 38. Rg1 Rh2+ 39. Kc3 Rc2+ 40. Kb4 Bd3 41. c5 axb5 42. axb5 Ke4 43. Re1 Kd5 44. b6 Be4 45. Rd1+ Ke5 46. Bd4+ Kf4 47. Bc3 Kf3 48. Rd3+ Bxd3 49. b7 Rc1 50. Kb3 Bc2+ 51. Kc4 Bd1 52. b8=Q Be2+ 53. Kd4 e5+ 54. Kxe5 Rxc3 55. c6 h4 56. c7 Rc5+ 57. Kf6 1-0

[Event "DEN-ch"]
[Site "Greve"]
[Date "2002.03.23"]
[Round "1"]
[White "Fries Nielsen, Jens Ove"]
[Black "Mortensen, Erling"]
[Result "1/2-1/2"]
[WhiteElo "2454"]
[BlackElo "2441"]
[PlyCount "107"]
[EventDate "2002.03.23"]
[Source "ChessBase"]
[SourceDate "2002.05.03"]

1. d4 Nf6 2. c4 g6 3. Nc3 Bg7 4. e4 d6 5. f4 c5 6. d5 O-O 7. Be2 e6 8. dxe6 fxe6 9. Nf3 Nc6 10. O-O a6 11. Kh1 b6 12. Be3 Ra7 13. Qd2 Ng4 14. Bg1 Bh6 15. Ng5 Bxg5 16. fxg5 Nge5 17. Rxf8+ Qxf8 18. Rd1 Rd7 19. b3 Bb7 20. h3 Qb8 21. a3 Nd8 22. b4 Qc7 23. b5 axb5 24. Nxb5 Qb8 25. Bh2 Ndf7 26. Qf4 Bc6 27. h4 Bxb5 28. cxb5 Qd8 29. Qe3 h6 30. Qh3 hxg5 31. Qxe6 Kg7 32. h5 Qe7 33. Qh3 Rd8 34. hxg6 Nxg6 35. Qf5 Nfe5 36. Qf2 Rh8 37. Kg1 Rf8 38. Qe3 Nf4 39. Bf1 Rf6 40. Qc3 Nfg6 41. a4 Nf4 42. a5 bxa5 43. b6 Nc6 44. Bxf4 gxf4 45. b7 Qxb7 46. Rxd6 Nd4 47. Rxf6 Kxf6 48. Qxc5 Qb4 49. Qd5 a4 50. Bc4 Qe1+ 51. Kh2 Qg3+ 52. Kh1 Qh4+ 53. Kg1 Qe1+ 54. Kh2 1/2-1/2

[Event "POL Team Ch"]
[Site "Lubniewice POL"]
[Date "1993.??.??"]
[Round "?"]
[White "Urban, Klaudiusz"]
[Black "Ciemniak, Robert"]
[Result "1/2-1/2"]
[WhiteElo "2450"]
[BlackElo "2440"]
[PlyCount "104"]
[EventDate "1993.??.??"]
[Source "www.chesslib.no"]
[SourceDate "2004.05.04"]

1. d4 Nf6 2. c4 c5 3. d5 d6 4. Nc3 g6 5. e4 Bg7 6. f4 O-O 7. Nf3 e6 8. dxe6 fxe6 9. Be2 Nc6 10. O-O e5 11. Bd3 Bg4 12. fxe5 Bxf3 13. gxf3 Nh5 14. Nd5 Nxe5 15. Be2 Nc6 16. f4 Bd4+ 17. Kh1 Nf6 18. Bf3 Qd7 19. Qe2 Rae8 20. Qg2 Qg7 21. Rb1 Nxd5 22. cxd5 Nb4 23. Bg4 Nd3 24. Be6+ Kh8 25. f5 Nxc1 26. Rfxc1 g5 27. b3 Rf6 28. b4 b6 29. bxc5 bxc5 30. Rb3 Rh6 31. Rg3 Rh5 32. Qe2 Rh4 33. Qg2 h6 34. Rg4 Rxg4 35. Qxg4 Rb8 36. Qh5 Be5 37. Rc2 Bf4 38. Kg2 a5 39. h3 Qf6 40. Qg6 Qxg6 41. fxg6 Kg7 42. Bf5 Be5 43. Kf3 a4 44. Ke2 h5 45. Kd3 Kh6 46. Rc4 Ra8 47. Rc1 Rb8 48. Rc4 Rb4 49. Bd7 Rxc4 50. Kxc4 a3 51. Kb3 Bb2 52. Bf5 g4 1/2-1/2

[Event "Tarrassa"]
[Site "Tarrassa"]
[Date "1989.??.??"]
[Round "?"]
[White "Rodriguez, Orestes"]
[Black "Romero Holmes, Alfonso"]
[Result "1-0"]
[WhiteElo "2445"]
[BlackElo "2445"]
[PlyCount "81"]
[EventDate "1989.03.??"]
[Source "www.chesslib.no"]
[SourceDate "2004.05.04"]

1. d4 Nf6 2. c4 g6 3. Nc3 Bg7 4. e4 d6 5. f4 O-O 6. Be2 c5 7. d5 b5 8. cxb5 a6 9. bxa6 Qa5 10. Bd2 Bxa6 11. Nf3 Qb4 12. e5 Ne4 13. a3 Nxc3 14. axb4 Nxd1 15. Rxd1 cxb4 16. Bxb4 Bxe2 17. Kxe2 Ra4 18. Rd4 Na6 19. Ba3 Rxd4 20. Nxd4 Nc7 21. Nc6 Nxd5 22. Kf3 dxe5 23. fxe5 Rc8 24. Rd1 Rxc6 25. Rxd5 f6 26. Bxe7 fxe5 27. Bc5 Rc7 28. b4 Kf7 29. Ke4 Rb7 30. Rd2 Ke6 31. Ra2 Bf6 32. Ra6+ Kf7 33. Ra7 Rxa7 34. Bxa7 Ke6 35. Bb8 Bg7 36. b5 Kd7 37. Bxe5 Bh6 38. Kd5 Be3 39. h3 Bg1 40. Bd4 Bh2 41. b6 1-0

[Event "6. EICC"]
[Site "?"]
[Date "2005.06.23"]
[Round "6"]
[White "Bruno Fabio"]
[Black "Evdokimov Alexander A"]
[Result "0-1"]
[WhiteElo "2374"]
[BlackElo "2503"]
[PlyCount "82"]
[EventDate "2005.??.??"]
[Source "www.chesslib.no"]
[SourceDate "2004.05.04"]

1. d4 Nf6 2. c4 c5 3. d5 g6 4. Nc3 Bg7 5. e4 O-O 6. f4 d6 7. Nf3 e6 8. Be2 exd5 9. exd5 Re8 10. O-O Bf5 11. Bd3 Bxd3 12. Qxd3 Nbd7 13. Bd2 a6 14. a4 Qb6 15. a5 Qc7 16. b3 Re7 17. f5 Ng4 18. Bg5 Ree8 19. Qd2 b5 20. Ra2 bxc4 21. bxc4 Rab8 22. Qf4 Ne3 23. f6 Nxf1 24. fxg7 Ne3 25. Re2 Nf5 26. Rf2 f6 27. g4 Ne3 28. h3 Qxa5 29. Ne4 Qa1+ 30. Kh2 fxg5 31. Qxe3 h6 32. Kg2 Qxg7 33. Nfd2 Rb2 34. Qa3 Rf8 35. Re2 Rb6 36. Qa5 Kh8 37. Re1 Rb2 38. Qxa6 Nf6 39. Qa5 Nxe4 40. Rxe4 Qf6 41. Re2 Qd4 0-1

[Event "USSR"]
[Site "?"]
[Date "1989.??.??"]
[Round "?"]
[White "Bagaturov, G."]
[Black "Shirov, A."]
[Result "0-1"]
[WhiteElo "2370"]
[BlackElo "2495"]
[PlyCount "82"]
[EventDate "1989.??.??"]
[Source "ChessBase"]
[SourceDate "1989.07.01"]

1. d4 Nf6 2. c4 g6 3. Nc3 Bg7 4. e4 d6 5. f4 O-O 6. Nf3 c5 7. d5 e6 8. Be2 exd5 9. exd5 a6 10. O-O b5 11. cxb5 axb5 12. Bxb5 Na6 13. Re1 Nc7 14. Bc4 Rb8 15. a3 Re8 16. Ra2 Rxe1+ 17. Qxe1 Bb7 18. Qd1 Nd7 19. Na4 Nf6 20. Nc3 Nd7 21. Na4 Qe8 22. b3 Qe4 23. Re2 Qf5 24. Re7 Nxd5 25. Bd3 Nxe7 26. Bxf5 Nxf5 27. Bb2 Nf6 28. Nb6 h5 29. Nc4 Ba8 30. Ng5 d5 31. Ne5 d4 32. Qe2 Bd5 33. Qa6 Rxb3 34. Qc8+ Bf8 35. Qd8 Rxb2 36. Qxf6 Be7 37. Qa6 Rxg2+ 38. Kf1 Ne3+ 39. Ke1 Nc2+ 40. Kd1 Ne3+ 41. Ke1 c4 0-1

[Event "Buenos Aires PRENAJ"]
[Site "Buenos Aires ARG"]
[Date "1994.??.??"]
[Round "5"]
[White "Ricardi, Pablo"]
[Black "Garcia, Raimundo"]
[Result "1/2-1/2"]
[WhiteElo "2470"]
[BlackElo "2395"]
[PlyCount "36"]
[EventDate "1994.??.??"]
[Source "www.chesslib.no"]
[SourceDate "2004.05.04"]

1. d4 Nf6 2. c4 d6 3. Nc3 g6 4. e4 Bg7 5. f4 c5 6. d5 O-O 7. Nf3 e6 8. dxe6 fxe6 9. Be2 Nc6 10. O-O b6 11. e5 dxe5 12. Qxd8 Rxd8 13. fxe5 Ng4 14. Bg5 Rf8 15. Rad1 h6 16. Bc1 Ba6 17. Rd6 Ngxe5 18. Rxe6 Rfe8 1/2-1/2

[Event "Hoogovens-B"]
[Site "Wijk aan Zee"]
[Date "1971.??.??"]
[Round "?"]
[White "Forintos, Gyozo V"]
[Black "Hartoch, Robert G"]
[Result "0-1"]
[WhiteElo "2500"]
[BlackElo "2360"]
[PlyCount "62"]
[EventDate "1971.01.??"]
[Source "ChessBase"]

1. c4 g6 2. d4 Bg7 3. Nc3 c5 4. d5 d6 5. e4 Nf6 6. Be2 O-O 7. f4 e6 8. Nf3 exd5 9. exd5 Bg4 10. O-O Nh5 11. Ne4 Re8 12. Nf2 Bd7 13. g4 Nf6 14. h3 Na6 15. Kg2 b5 16. Rb1 Rb8 17. b3 bxc4 18. Bxc4 Bb5 19. Bd2 Qd7 20. Qc2 Qb7 21. a4 Bd7 22. Qd3 Nb4 23. Bxb4 Qxb4 24. Nd2 h5 25. f5 hxg4 26. fxg6 fxg6 27. hxg4 Nxg4 28. Nxg4 Bxg4 29. Qxg6 Qxd2+ 30. Rf2 Bf3+ 31. Kg1 Qd4 0-1

[Event "AUT Team Ch"]
[Site "Austria"]
[Date "1991.??.??"]
[Round "?"]
[White "Danner, Georg"]
[Black "Vukic, Milan"]
[Result "1/2-1/2"]
[WhiteElo "2360"]
[BlackElo "2500"]
[PlyCount "32"]
[EventDate "1991.??.??"]
[Source "www.chesslib.no"]
[SourceDate "2004.05.04"]

1. d4 Nf6 2. c4 g6 3. Nc3 Bg7 4. e4 d6 5. f4 O-O 6. Nf3 c5 7. d5 e6 8. Be2 exd5 9. exd5 Nh5 10. O-O Bxc3 11. bxc3 f5 12. Ng5 Ng7 13. Bf3 Nd7 14. Bd2 Nf6 15. Be1 Bd7 16. Bh4 Qc7 1/2-1/2

[Event "Open"]
[Site "?"]
[Date "2002.04.13"]
[Round "4"]
[White "Eryomenko Volodymyr"]
[Black "Miroshnichenko Evgenij"]
[Result "1/2-1/2"]
[WhiteElo "2325"]
[BlackElo "2528"]
[PlyCount "133"]
[EventDate "2002.??.??"]
[Source "www.chesslib.no"]
[SourceDate "2004.05.04"]

1. d4 Nf6 2. c4 g6 3. Nc3 Bg7 4. e4 O-O 5. f4 d6 6. Nf3 c5 7. d5 e6 8. Be2 b5 9. cxb5 exd5 10. e5 dxe5 11. fxe5 Ne4 12. Qxd5 Nxc3 13. Qxd8 Rxd8 14. bxc3 Nd7 15. Bf4 Re8 16. O-O Nxe5 17. Nxe5 Bxe5 18. Bf3 Rb8 19. Rae1 f6 20. Bd5+ Be6 21. Bxe5 fxe5 22. Bc6 Rf8 23. Rxf8+ Kxf8 24. Rxe5 Bxa2 25. Rxc5 Ke7 26. c4 Kd6 27. Rd5+ Ke6 28. Rd4 Ke5 29. Re4+ Kd6 30. Bd5 Kc5 31. Kf2 Rf8+ 32. Ke2 Rf6 33. Re7 Bxc4+ 34. Bxc4 Kxc4 35. Rxh7 Kxb5 36. Rxa7 Kb6 37. Ra3 Kc7 38. Rf3 Ra6 39. Rf7+ Kd8 40. h4 Ke8 41. Rf4 Ke7 42. Kf3 Ra3+ 43. Kg4 Ra2 44. g3 Ra5 45. Rf3 Rb5 46. Kf4 Kf6 47. g4 Ra5 48. Re3 Ra1 49. Rb3 Rf1+ 50. Kg3 Rg1+ 51. Kf3 Rf1+ 52. Kg2 Ra1 53. Rb6+ Kf7 54. Kg3 Ra4 55. Rd6 Rb4 56. g5 Ra4 57. Rf6+ Kg7 58. Rf4 Ra8 59. Kg4 Ra7 60. Rd4 Rf7 61. Rd6 Ra7 62. Kf4 Ra4+ 63. Ke5 Rxh4 64. Rd7+ Kg8 65. Kf6 Ra4 66. Rd6 Kh7 67. Rd7+ 1/2-1/2